<?xml version="1.0" encoding="UTF-8"?>
<record
    xmlns:xsi="http://www.w3.org/2001/XMLSchema-instance"
    xsi:schemaLocation="http://www.loc.gov/MARC21/slim http://www.loc.gov/standards/marcxml/schema/MARC21slim.xsd"
    xmlns="http://www.loc.gov/MARC21/slim">

  <leader>00550nam a2200157Ia 4500</leader>
  <controlfield tag="008">090124s9999    xx            000 0 und d</controlfield>
  <datafield tag="082" ind1=" " ind2=" ">
    <subfield code="b">103429</subfield>
  </datafield>
  <datafield tag="245" ind1=" " ind2=" ">
    <subfield code="a"> &#x936;&#x930;&#x926;&#x94D; &#x938;&#x93E;&#x939;&#x93F;&#x924;&#x94D;&#x92F; &#x917;&#x93E;&#x902;&#x935; &#x917;&#x902;&#x917;&#x93E;</subfield>
  </datafield>
  <datafield tag="250" ind1=" " ind2=" ">
    <subfield code="a">1</subfield>
  </datafield>
  <datafield tag="260" ind1=" " ind2=" ">
    <subfield code="c">1950</subfield>
  </datafield>
  <datafield tag="300" ind1=" " ind2=" ">
    <subfield code="a">131</subfield>
  </datafield>
  <datafield tag="630" ind1=" " ind2=" ">
    <subfield code="a"> &#x936;&#x930;&#x926;&#x94D; &#x938;&#x93E;&#x939;&#x93F;&#x924;&#x94D;&#x92F; &#x917;&#x93E;&#x902;&#x935; &#x917;&#x902;&#x917;&#x93E;</subfield>
  </datafield>
  <datafield tag="700" ind1=" " ind2=" ">
    <subfield code="a">&#x935;&#x930;&#x947;&#x930;&#x915;&#x930; &#x92D;&#x93E;.&#x935;&#x93F;.(&#x92D;&#x93E;&#x930;&#x94D;&#x917;&#x935; &#x935;&#x93F;&#x920;&#x94D;&#x920;&#x932;)(&#x92E;&#x93E;&#x92E;&#x93E;)</subfield>
  </datafield>
  <datafield tag="730" ind1=" " ind2=" ">
    <subfield code="a"> &#x936;&#x930;&#x926;&#x94D; &#x938;&#x93E;&#x939;&#x93F;&#x924;&#x94D;&#x92F; &#x917;&#x93E;&#x902;&#x935; &#x917;&#x902;&#x917;&#x93E;</subfield>
  </datafield>
  <datafield tag="942" ind1=" " ind2=" ">
    <subfield code="c">BOOK</subfield>
  </datafield>
  <datafield tag="999" ind1=" " ind2=" ">
    <subfield code="c">149521</subfield>
    <subfield code="d">149521</subfield>
  </datafield>
  <datafield tag="952" ind1=" " ind2=" ">
    <subfield code="0">0</subfield>
    <subfield code="1">0</subfield>
    <subfield code="4">0</subfield>
    <subfield code="7">0</subfield>
    <subfield code="a">THNMGS</subfield>
    <subfield code="b">THNMGS</subfield>
    <subfield code="d">0000-00-00</subfield>
    <subfield code="g">2.00</subfield>
    <subfield code="l">0</subfield>
    <subfield code="o">103429</subfield>
    <subfield code="p">THNMGS-103429</subfield>
    <subfield code="r">2009-01-24 00:00:00</subfield>
    <subfield code="v">2.00</subfield>
    <subfield code="w">2009-01-24</subfield>
    <subfield code="y">BOOK</subfield>
  </datafield>
</record>
